1657 1668 1779 1876 1283 1158 1196 1613 1446 1705 1785 1596 1646 1779 1656 1475 1498 1299 1964 1004 1971 1029 1260 1067 1978 1299 1543 1726 1006 1717 1556 1976 1336 1331 1450 1547 1499 1587 1219 1464 1426 1960 1658 1157 1190 1328 1067 1801 1578 1703 1468 1448 1826 1727 1690 1241 1955 1085 1886 1277 1117 1823 1909 1588 1755 1514 1540 1190 1998 1410 1107 1803 1853 1675 1130 1815 1558 1432 1260 1953 1309 1238 1429 1214 1344 1112 1276 1514 1802 1867 1140 1179 1318 1164 1631 1593 1583 1790 1259 BCNSPRNW ULIB Ver.6.0+V

เปลี่ยนเป็นภาษาไทย

Change to English
 แสดงรายละเอียดบรรณานุกรม
  กลับหน้าหลัก

Brief Record : Get Marc (ISO 2709) : E-mail record : QR code < ปิดหน้าต่าง
LEADER : 00000nam 2200000uu 4500
001    13399114345
003     ULIB
008    120323s2552||||th 000 0 eng d
020    9780194569880
050  4 PE1116 ^b967 V.2
100 1  Tony Grice and James Greenan
245 04 Oxford English for careers nursing 2 /^cTony Grice and James Greenan
260    Oxford:^bOxford University Press, ^c2552.
300    135 p.^bill.,^c27 cm
650  0 Nursing^xEnglish
945    ^p395^l0^i18941
945    ^p395^l0^i18942
945    ^p395^l0^i18943
945    ^p395^l0^i18944
945    ^p395^l0^i18945
995    Kesorn
999 ^a ใช้งานได้ทุกระบบ
รายการนี้ยังไม่มีแท็ก
คุณยังไม่ได้ล็อกอิน คุณสามารถมีกิจกรรมร่วมกับเว็บไซต์ได้ แต่ต้องล็อกอินก่อน ::
  ล็อกอิน

รายการสื่อสารสนเทศ

ลำดับที่ ประเภท เลขเรียก/บาร์โค้ด สถานที่ สถานะ
- ไม่พบข้อมูล -

BibComment


ยังไม่เคยถูกคอมเมนท์

คอมเมนท์ทรัพยากรรายการนี้
  คอมเมนท์: Oxford English fo..


 Copyright 2026. Bcnsprnw @Library